5HLuxD.jpg

KING HENRY VIII SENIOR AND PRIMARY SCHOOL LIBRARY OPAC

Moving pictures / (Record no. 732)

000 -LEADER
fixed length control field 00816cam a22002897a 4500
001 - CONTROL NUMBER
control field 005121858
003 - CONTROL NUMBER IDENTIFIER
control field OCoLC
005 - DATE AND TIME OF LATEST TRANSACTION
control field 20191205155822.0
008 - FIXED-LENGTH DATA ELEMENTS--GENERAL INFORMATION
fixed length control field 091206r19911990enk 000 1 eng
015 ## - NATIONAL BIBLIOGRAPHY NUMBER
National bibliography number GB92-1027
020 ## - INTERNATIONAL STANDARD BOOK NUMBER
International Standard Book Number 0552134635 (pbk) :
020 ## - INTERNATIONAL STANDARD BOOK NUMBER
International Standard Book Number 9780552134637 (pbk)
035 ## - SYSTEM CONTROL NUMBER
System control number (OCoLC)26307800
040 ## - CATALOGING SOURCE
Original cataloging agency UKM
Transcribing agency UKM
Modifying agency OCLCQ
-- TXH
-- NCTU
042 ## - AUTHENTICATION CODE
Authentication code nbic
082 ## - DEWEY DECIMAL CLASSIFICATION NUMBER
Classification number FIC PRA
100 1# - MAIN ENTRY--PERSONAL NAME
Personal name Pratchett, Terry.
Relator term author
245 10 - TITLE STATEMENT
Title Moving pictures /
Statement of responsibility, etc. Terry Pratchett
260 ## - PUBLICATION, DISTRIBUTION, ETC.
Place of publication, distribution, etc. London :
Name of publisher, distributor, etc. Corgi Books,
Date of publication, distribution, etc. 1991.
300 ## - PHYSICAL DESCRIPTION
Extent 332 p. ;
Dimensions 18 cm.
490 0# - SERIES STATEMENT
Series statement The Discworld series.
500 ## - GENERAL NOTE
General note Originally published: London : Gollancz, 1990.
650 #0 - SUBJECT ADDED ENTRY--TOPICAL TERM
Topical term or geographic name entry element Discworld (Imaginary place)
Form subdivision Fiction.
653 0# - INDEX TERM--UNCONTROLLED
Uncontrolled term English fiction.
655 #7 - INDEX TERM--GENRE/FORM
Genre/form data or focus term Fantasy fiction.
Source of term gsafd.
942 ## - ADDED ENTRY ELEMENTS (KOHA)
Source of classification or shelving scheme
Koha item type Books - Fiction
Holdings
Withdrawn status Lost status Source of classification or shelving scheme Damaged status Not for loan Collection code Permanent Location Current Location Shelving location Date acquired Full call number Barcode Date last seen Price effective from Koha item type
          Fiction KH8 Senior School Library KH8 Senior School Library Fiction 2019-12-05 FIC PRA 3KHSL000101468 2024-07-18 2019-12-05 Books - Fiction

Powered By KH8 IT Dept